Pod úbytok slivkovín sa podpisuje aj nedôsledná agrotechnika

Bibliographic Details
Main Author: Hričovský, Ivan, 1932-2024 (Author)
Format: Article
Language:Slovak
Subjects:

MARC

LEADER 00000nab a2200000 a 4500
001 vtls000725725
003 SK-MaSNL
005 20260303232720.0
008 180205c2000 xo 0 slo
015 |a SNBRB2000/06-17333 
035 |a CLN000077885 
040 |a SNKBUCL  |b slo  |c SNKBUCL  |e AACR2 
041 0 |a slo 
044 |a xo  |c SK 
080 |a 634.22  |2 UDC-MRF-SK2 
100 1 |a Hričovský, Ivan,  |d 1932-2024  |4 aut  |9 100824 
245 1 0 |a Pod úbytok slivkovín sa podpisuje aj nedôsledná agrotechnika  |c Ivan Hričovský 
650 0 7 |a ovocie slivkové  |x pestovanie  |2 snkbucl  |9 1269019 
655 7 |a články z novín a časopisov  |2 snkbucl  |9 267496 
773 0 |t Roľnícke noviny  |g Č. 89 (11.5.2000) 
773 0 |t [Príl.] Agrárne noviny  |g S. 5 
850 |a Slovenská národná knižnica v Martine 
852 |a SNK  |b KIS3GCP 
958 |a RBX 
999 |c 2273408  |d 2275338